| 000 | 01637nam a2200325Ia 4500 | ||
|---|---|---|---|
| 001 | ebr10130636 | ||
| 003 | CaPaEBR | ||
| 006 | m u | ||
| 007 | cr cn||||||||| | ||
| 008 | 060404s2005 ne sb 101 0 eng d | ||
| 020 | _z1586035584 (cased) | ||
| 040 |
_aCaPaEBR _cCaPaEBR |
||
| 035 | _a(OCoLC)491253439 | ||
| 050 | 1 | 4 |
_aHQ784.W3 _bN38 2005eb |
| 082 | 0 | 4 |
_a618.928521 _222 |
| 111 | 2 |
_aNATO Advanced Research Workshop on the Importance of Psychosocial Wellbeing of Children in the Postwar Period for Social Reconstruction and Stability of Terrorist & War Affected Regions _d(2003 : _cLjubljana, Slovenia) |
|
| 245 | 1 | 0 |
_aPromoting the psychosocial well being of children following war and terrorism _h[electronic resource] / _cedited by Matthew J. Friedman and Anica Mikus-Kos. |
| 260 |
_aAmsterdam : _bIOS Press, _c2005 ; _aHeadington : _bIOS Press/Lavis Marketing, distributor, _c2005. |
||
| 300 | _ax, 191 p. | ||
| 504 | _aIncludes bibliographical references and index. | ||
| 533 |
_aElectronic reproduction. _bPalo Alto, Calif. : _cebrary, _d2009. _nAvailable via World Wide Web. _nAccess may be limited to ebrary affiliated libraries. |
||
| 650 | 0 |
_aPost-traumatic stress disorder in children _xSocial aspects _vCongresses. |
|
| 650 | 0 |
_aPsychic trauma in children _xSocial aspects _vCongresses. |
|
| 650 | 0 |
_aVictims of terrorism _xPsychology _vCongresses. |
|
| 655 | 7 |
_aElectronic books. _2local |
|
| 700 | 0 | _aMiku. | |
| 700 | 1 | _aFriedman, Matthew J. | |
| 710 | 2 | _aebrary, Inc. | |
| 856 | 4 | 0 |
_uhttp://site.ebrary.com/lib/rucke/Doc?id=10130636 _zAn electronic book accessible through the World Wide Web; click to view |
| 999 |
_c181201 _d181201 |
||